| 000 | 00000nam 2200000za 4500 |
| 001 | 9.690839 |
| 003 | CaOODSP |
| 005 | 20210624232514 |
| 007 | cr ||||||||||| |
| 008 | 150407s2009 onc|||||o f|0| 0 eng d |
| 020 | |a978-0-662-48241-3 |
| 040 | |aCaOODSP|beng |
| 043 | |an-cn--- |
| 086 | 1 |aA118-10/3-2009E-PDF |
| 110 | 1 |aCanada.|bAgriculture and Agri-Food Canada. |bPest Management Centre. |
| 245 | 10|aCrop profile for field pea in Canada |h[electronic resource] / |cprepared by : Pesticide Risk Reduction Program. |
| 260 | |aOttawa : |bAgriculture and Agri-Food Canada, |cSeptember 2008. |
| 300 | |a49 p. : |bcoloured map, references, tables. |
| 590 | |a09-29|b2009-07-17 |
| 690 | 07|aCrops|2gcpds |
| 775 | 08|tProfil de la culture du pois de grande culture au Canada |w(CaOODSP)9.635184 |
| 794 | |tCrop profile for field pea in Canada, 2015 |w(CaOODSP)9.838871 |
| 795 | |tCrop profile for field pea in Canada |w(CaOODSP)9.692071 |
| 856 | 40|ahttp://publications.gc.ca|qPDF|s2062 KB|uhttps://publications.gc.ca/collections/collection_2009/agr/A118-10-3-2009E.pdf |
| 986 | |aAAFC No. 10859E |